000
00240nam a22000857a 4500
008
160705b xxu||||| |||| 00| 0 eng d
100
_9
2246
_a
Neogy, J
245
_a
How Best to Use the Internet and e -mail
260
_a
Delhi
_b
Pustak Mahal
_c
2005
999
_c
1934
_d
1934